000
00202nam a2200085Ia 4500
008
120527s9999 xx 000 0 und d
100
_a
Occhiogrosso, et al
245
_a
Integrated Mathematics
942
_c
BK
999
_c
27839
_d
27839